Państwa na literę M - Statystyki

Ogólne statystyki
  • Ten quiz został rozwiązany 186 razy
  • Średni wynik to 10 z 17
Statystyki odpowiedzi
Kraj % Poprawnych
Maroko
75%
Monako
75%
Macedonia Północna
74%
Mołdawia
73%
Malezja
71%
Meksyk
68%
Madagaskar
64%
Malta
63%
Mongolia
63%
Malediwy
62%
Mali
62%
Mozambik
60%
Mauretania
56%
Mauritius
52%
Mikronezja
46%
Mjanma
41%
Malawi
40%
Nie znaleziono quizów pasujących do podanych kryteriów
Rozkład punktacji
Procent ludzi z każdym wynikiem
Percentyl według liczby udzielonych odpowiedzi
Twoja historia wyników
Nie rozwiązałeś tego quizu